000 01286nam a22003017a 4500
999 _c120224
_d120224
003 dpl
005 20190406150435.0
008 181214b ||||| |||| 00| 0 eng d
010 _aB-071695
020 _c100.00
_a8170435234
035 _aB-071695
035 _aB-141348, B-071704
037 _bCen Lib/Ret
040 _aDPL
_bHN
_cdpl
082 _a954.01
_bचन्द्राअ
100 _aचन्द्रा, अनिल
_989233
245 _aप्राचीन भारत की झाकियाँ /
_cअनिल चन्द्रा
246 _aPrachin bharat ki jhakiyan /
_bby Anil Chandra
260 _aदिल्ली
_bआत्माराम एंड संस
_c2002
270 _aकश्मीरी गेट
_bदिल्ली
_e110006
300 _a96पृ. :
_c21सेमी(सजिल्द)
_bसचित्र
500 _aअनुक्रमणिका शामिल
650 _aऐतिहासिक संस्कृति और कला
_989234
650 _aभूमि और जलवायु--भारत
_983776
650 _aHistorical Culture and Art
_989235
650 _aLand and climate--India
_989236
942 _2ddc
_cHN
_h954.01
_mचन्द्राअ